[Event "Open A"]
[Site "Pardubice CZE"]
[Date "2005.07.27"]
[Round "6"]
[White "Lamby,P"]
[Black "Grabinsky,V"]
[Result "1-0"]
[WhiteElo "2237"]
[BlackElo "2316"]

1.d4 Nf6 2.c4 e6 3.Nc3 Bb4 4.f3 c5 5.d5 Nh5 6.Nh3 Qh4+ 7.Nf2 Qxc4 8.e4 Bxc3+
9.bxc3 Qxc3+ 10.Bd2 Qd4 11.Qc1 exd5 12.Bc3 Qa4 13.Qg5 Qa3 14.Nd1 d4 15.Bd2 Nc6
16.Qxh5 O-O 17.Bc4 a6 18.O-O b5 19.Bd5 c4 20.f4 c3 21.Rf3 Qd6 22.Nxc3 dxc3
23.Bxc3 b4 24.Bb2 Kh8 25.Rg3 f6 26.Rh3 h6 27.Qg6 Qxf4 28.Rg3 Qxg3 29.hxg3 Ne7
30.Qh5 Rb8 31.Bc4 d6 32.Rf1 Ng8 33.g4 Bb7 34.g5 fxg5 35.Rf7  1-0

[Event "WYb18"]
[Site "Belfort FRA"]
[Date "2005.07.29"]
[Round "11"]
[White "Bluvshtein,M"]
[Black "Romanov,E"]
[Result "1-0"]
[WhiteElo "2525"]
[BlackElo "2451"]

1.d4 Nf6 2.c4 e6 3.Nc3 Bb4 4.f3 O-O 5.e4 d5 6.e5 Nfd7 7.cxd5 exd5 8.f4 c5
9.Nf3 cxd4 10.Nxd4 Nxe5 11.fxe5 Qh4+ 12.Ke2 Bc5 13.Be3 Bg4+ 14.Nf3 d4 15.Bg1 Re8
16.Ne4 Rxe5 17.Kd3 Qh5 18.h3 Nc6 19.hxg4 Qxh1 20.a3 Rae8 21.Nf2 Qh6 22.Nxe5 Nxe5+
23.Kc2 d3+ 24.Nxd3 Bxg1 25.Nxe5 Qe6 26.Nd3 Be3 27.Kb1 b5 28.a4 a6 29.axb5 axb5
30.Qf3 Qc8 31.Ne5 Bd4 32.Bxb5 Rf8 33.Nc6 Bc5 34.Qf5 Qe8 35.Qxc5 Qe1+ 36.Qc1 Qe4+
37.Qc2 Qe1+ 38.Ka2 Ra8+ 39.Ba4 Qe6+ 40.Kb1 g6 41.Ra3  1-0

[Event "15th ETC"]
[Site "Gothenburg SWE"]
[Date "2005.07.31"]
[Round "2"]
[White "Nyback,T"]
[Black "Beliavsky,A"]
[Result "1/2-1/2"]
[WhiteElo "2571"]
[BlackElo "2599"]

1.d4 Nf6 2.c4 e6 3.Nc3 Bb4 4.f3 d5 5.a3 Bxc3+ 6.bxc3 c5 7.cxd5 Nxd5 8.dxc5 f5
9.Nh3 O-O 10.Nf4 Na6 11.Nxd5 exd5 12.Qd4 Qa5 13.Bf4 Nxc5 14.Qb4 Qb6 15.e3 Qc6
16.Bb5 Qb6 17.Be2 Qc6 18.O-O b6 19.Rfd1 Ba6 20.Bxa6 Nxa6 21.Qd6 Rac8 22.Qxd5+ Qxd5
23.Rxd5 Rxc3 24.Rd7 Rf7 25.Rd8+ Rf8 26.Rd7 Rf7 27.Rd8+ Rf8 28.Rd7  1/2-1/2

[Event "American Continental"]
[Site "Buenos Aires ARG"]
[Date "2005.08.08"]
[Round "3"]
[White "Toniutti,E"]
[Black "Critelli,J"]
[Result "0-1"]
[WhiteElo "2051"]
[BlackElo "2318"]

1.d4 Nf6 2.c4 e6 3.Nc3 Bb4 4.f3 c5 5.d5 O-O 6.e4 d6 7.Bg5 exd5 8.cxd5 h6
9.Bd2 Nh5 10.Qe2 f5 11.g3 Nf6 12.Bh3 fxe4 13.Bxc8 Qxc8 14.Nxe4 Nxe4 15.fxe4 Bxd2+
16.Qxd2 Nd7 17.O-O-O Qe8 18.Qc2 Qh5 19.Qe2 Qg5+ 20.Kb1 Rae8 21.Nh3 Qg6 22.Rhe1 Nf6
23.Nf4 Qxe4+ 24.Qxe4 Rxe4 25.Rxe4 Nxe4 26.Re1 Nf6 27.Re7 Rf7 28.Re6 Rd7 29.h4 Kf7
30.Re1 Re7 31.Rf1 Re5 32.Rf3 Rf5 33.Rb3 b6 34.Ra3 a5 35.Rb3 g5 36.hxg5 hxg5  0-1

[Event "It"]
[Site "Montreal CAN"]
[Date "2005.08.08"]
[Round "6"]
[White "Bluvshtein,M"]
[Black "Efimenko,Z"]
[Result "1-0"]
[WhiteElo "2525"]
[BlackElo "2643"]

1.d4 Nf6 2.c4 e6 3.Nc3 Bb4 4.f3 c5 5.d5 O-O 6.e4 b5 7.e5 Ne8 8.f4 d6 9.Nf3 bxc4
10.Bxc4 Ba6 11.Bxa6 Nxa6 12.O-O Bxc3 13.bxc3 exd5 14.Qxd5 dxe5 15.Qxd8 Rxd8
16.Nxe5 f6 17.Nc6 Rd7 18.Rb1 Kf7 19.f5 Kg8 20.Bf4 g5 21.fxg6 hxg6 22.Rb5 Nac7
23.Rxc5 Ne6 24.Rd5 Rxd5 25.Ne7+ Kf7 26.Nxd5 Nxf4 27.Rxf4 Ke6 28.Rd4 g5 29.Kf2 Rf7
30.Ne3 Nd6 31.Ke2 f5 32.h3 Rc7 33.Kd3 Ne4 34.c4 Nd6 35.h4 gxh4 36.Rxh4 Rd7
37.Rd4 Rc7 38.Nd5 Rc6 39.Nf4+ Ke7 40.a4 a5 41.Nd5+ Ke6 42.Ne3 Ne4 43.Rd5 Nc5+
44.Kd4 f4 45.Re5+ Kd7 46.Nf5 Nb3+ 47.Kc3 Nc5 48.Rd5+ Ke8 49.Kd4 Nxa4 50.Rxa5 Nb6
51.c5 Nd7 52.Kd5 Rf6 53.Ra8+ Kf7 54.Nd6+ Kg6 55.Ra3 Nxc5 56.Kxc5 Re6 57.Ra8 Re2
58.Rg8+ Kf6 59.Nc4 Kf5 60.Kd4 Rf2 61.Nd6+ Ke6 62.Rg6+ Kd7 63.Ne4 Rf1 64.Ke5 f3
65.g3 Ke7 66.Rf6 Kd8 67.Rf4 Ke7 68.Kf5  1-0

[Event "HZ Open"]
[Site "Vlissingen NED"]
[Date "2005.08.09"]
[Round "4"]
[White "Avontuur,T"]
[Black "Struk,J"]
[Result "0-1"]
[WhiteElo "2053"]
[BlackElo "2232"]

1.d4 Nf6 2.c4 e6 3.Nc3 Bb4 4.f3 d5 5.a3 Be7 6.e3 O-O 7.Qc2 a6 8.cxd5 exd5
9.Bd3 c5 10.b3 cxd4 11.exd4 Nc6 12.Nge2 Re8 13.O-O h6 14.Nd1 Bd6 15.Be3 Qc7
16.g3 Qa5 17.Qb2 Bh3 18.b4 Qb6 19.Re1 Rxe3 20.Nxe3 Ne5 21.Red1 Nxf3+ 22.Kh1 Re8
23.Bf5 Ng5 24.Bxh3 Nxh3 25.Kg2 Rxe3 26.Kxh3 Qb5 27.Nc3 Qd7+ 28.Kg2 Qg4 29.Re1 Qf3+
30.Kg1 Rxc3 31.Re2 Ne4 32.Rf1 Qd3 33.Qa2 Qxd4+ 34.Kh1 g6 35.Rfe1 Bxg3  0-1

[Event "American Continental"]
[Site "Buenos Aires ARG"]
[Date "2005.08.10"]
[Round "5"]
[White "Dos Santos,R"]
[Black "Vescovi,G"]
[Result "0-1"]
[WhiteElo "2393"]
[BlackElo "2640"]

1.d4 Nf6 2.c4 e6 3.Nc3 Bb4 4.f3 d5 5.a3 Bxc3+ 6.bxc3 c5 7.cxd5 exd5 8.e3 O-O
9.Bd3 b6 10.Ne2 Ba6 11.Bxa6 Nxa6 12.O-O Nc7 13.Ng3 Re8 14.e4 cxd4 15.cxd4 dxe4
16.fxe4 Nxe4 17.Nf5 Re6 18.Qg4 Ne8 19.d5 Qxd5 20.Bb2 Qd2 21.Nxg7 N8f6 22.Qf3 Qxb2
23.Nxe6 fxe6 24.Rac1 Rd8 25.Rc7 Rd5 26.Rc8+ Kg7 27.Rc7+ Kg6 28.Qe3 Rg5 29.Rxf6+ Nxf6
30.Qd3+ Kh6 31.Qh3+ Nh5 32.Qxe6+ Qf6 33.Qe3 Nf4 34.g3 Nd5 35.Qd2 Nxc7 36.h4 Ne6  0-1

[Event "TCh-ESP Premier North"]
[Site "Barcelona ESP"]
[Date "2005.08.12"]
[Round "3"]
[White "Pros Heras,J"]
[Black "Espineira Gonzalez,P"]
[Result "1-0"]
[WhiteElo "2127"]
[BlackElo "2158"]

1.d4 Nf6 2.c4 e6 3.Nc3 Bb4 4.f3 b6 5.e4 d6 6.Qa4+ Nc6 7.Qxc6+ Bd7 8.Qb7 a5
9.c5 O-O 10.c6 Be8 11.a3 Bxc3+ 12.bxc3 Nxe4 13.fxe4 Qh4+ 14.Kd1 Qxe4 15.Qxa8 Bxc6
16.Qxf8+ Kxf8 17.a4 Qf5 18.Ne2 Qd3+ 19.Bd2 Qc4 20.Nf4 Bxa4+ 21.Ke1 Qc6 22.h4 Bb3
23.Rh3 Qe4+ 24.Ne2 a4 25.Bc1 Ke7 26.h5 h6 27.Kf2 Kf8 28.Kg1 b5 29.Rf3 Bd5
30.Ra2  1-0

[Event "TCh-ESP Premier North"]
[Site "Barcelona ESP"]
[Date "2005.08.13"]
[Round "5"]
[White "Panelo,M"]
[Black "Aguera Naredo,J"]
[Result "1/2-1/2"]
[WhiteElo "2404"]
[BlackElo "2354"]

1.d4 Nf6 2.c4 e6 3.Nc3 Bb4 4.f3 d5 5.a3 Bxc3+ 6.bxc3 c6 7.Qc2 Qa5 8.e3 Nbd7
9.Bd2 O-O 10.cxd5 cxd5 11.c4 Qc7 12.Rc1 dxc4 13.Bxc4 Nb6 14.Bd3 Qxc2 15.Rxc2 Bd7
16.Ne2 Rfc8 17.Rxc8+ Rxc8 18.Nc3 Nc4 19.Ke2 b6 20.Rc1 Nxd2 21.Kxd2 Nd5 22.Nxd5 Rxc1
23.Kxc1 exd5 24.Ba6 Bc6 25.Kb2 Kf8 26.Kc3 Ke7 27.Kb4 h6 28.a4 Kd6 29.a5 f6
30.axb6 axb6 31.Bb5 Bb7 32.Bd3 Bc6 33.Bg6 Bd7 34.Bd3 Bc6 35.Bb5 Bb7 36.Be2 Bc6
37.h4 g5 38.hxg5 hxg5 39.Bd3 Bd7  1/2-1/2

[Event "Masters"]
[Site "Abu Dhabi UAE"]
[Date "2005.08.14"]
[Round "1"]
[White "Volkov,S1"]
[Black "Prasad,D"]
[Result "1-0"]
[WhiteElo "2622"]
[BlackElo "2359"]

1.d4 Nf6 2.c4 e6 3.Nc3 Bb4 4.f3 O-O 5.a3 Bxc3+ 6.bxc3 Ne8 7.e4 b6 8.Bd3 Ba6
9.Nh3 c5 10.d5 Nd6 11.Qe2 exd5 12.cxd5 Qh4+ 13.Nf2 Bxd3 14.Qxd3 c4 15.Qe2 Na6
16.O-O Rac8 17.g3 Qe7 18.Bf4 Nc5 19.Rad1 b5 20.Qe3 Rfe8 21.Rfe1 f6 22.Qd4 a6
23.Kg2 Nf7 24.d6 Qe6 25.g4 Ne5 26.Bg3 Ned3 27.Re2 Nxf2 28.Rxf2 Rc6 29.Ra2 Qf7
30.Qf2 Nd3 31.Qd4 Nc5 32.Qe3 Nd3 33.Rad2 f5 34.gxf5 Qxf5 35.Qxd3  1-0

[Event "Masters"]
[Site "Abu Dhabi UAE"]
[Date "2005.08.16"]
[Round "3"]
[White "Volkov,S1"]
[Black "Bocharov,D"]
[Result "1/2-1/2"]
[WhiteElo "2622"]
[BlackElo "2574"]

1.d4 Nf6 2.c4 e6 3.Nc3 Bb4 4.f3 c5 5.d5 O-O 6.e4 d6 7.Ne2 b5 8.a3 Ba5 9.b4 cxb4
10.Nxb5 bxa3+ 11.Bd2 Bb6 12.Rxa3 exd5 13.cxd5 Ba6 14.Nec3 Nh5 15.g3 f5 16.exf5 Rxf5
17.Ne4 Nf6 18.Nbxd6 Nxe4 19.Nxe4 Bxf1 20.Kxf1 Rxd5 21.Kg2 Nc6 22.Qc2 Nd4
23.Qa2 Kh8 24.Rd3 Rc8 25.Rd1 Rc2 26.Qa4 Qc8 27.Rc3 Rxc3 28.Bxc3 Nf5 29.Rxd5 Ne3+
30.Kh1 Nxd5 31.Bb2 h6 32.Nd6 Qc5 33.Bxg7+ Kh7 34.Qe4+ Kxg7 35.Qe5+ Kh7 36.Qf5+ Kh8
37.Qf8+ Kh7 38.Qf7+ Kh8 39.Qe8+ Kh7 40.Qd7+  1/2-1/2

[Event "8th Open"]
[Site "Banyoles ESP"]
[Date "2005.08.17"]
[Round "1"]
[White "Mayo Casademont,M"]
[Black "Fluvia Poyatos,J"]
[Result "0-1"]
[WhiteElo "2041"]
[BlackElo "2458"]

1.d4 Nf6 2.c4 e6 3.Nc3 Bb4 4.f3 d5 5.a3 Be7 6.e4 dxe4 7.fxe4 e5 8.d5 Bc5
9.Nf3 Ng4 10.Na4 Bf2+ 11.Ke2 b5 12.h3 bxa4 13.hxg4 Bg3 14.Rh3 Bf4 15.Bxf4 exf4
16.Qd4 O-O 17.Kf2 Bxg4 18.Rh2 Nd7 19.Bd3 h6 20.Bc2 Qe7 21.Bxa4 c5 22.Qd3 Rab8
23.Rb1 f5 24.d6 Qxe4 25.Qxe4 fxe4 26.Bxd7 Bxd7 27.Ne5 Bf5 28.Ke2 f3+ 29.Ke3 Rb3+
30.Kf4 f2  0-1

[Event "8th Open"]
[Site "Banyoles ESP"]
[Date "2005.08.19"]
[Round "3"]
[White "Moskalenko,V"]
[Black "Cuadras Avellana,Jo"]
[Result "1-0"]
[WhiteElo "2534"]
[BlackElo "2376"]

1.d4 Nf6 2.c4 e6 3.Nc3 Bb4 4.f3 d5 5.a3 Bxc3+ 6.bxc3 c5 7.cxd5 Nxd5 8.dxc5 Qa5
9.e4 Nf6 10.Be3 Nbd7 11.Qb3 O-O 12.a4 Qc7 13.Qa3 b6 14.Ne2 Nxc5 15.Nd4 Bb7
16.Be2 Qe7 17.O-O Nfd7 18.a5 Rfc8 19.Rfd1 Qf8 20.Bb5 a6 21.Nxe6 fxe6 22.Bxd7 Nxd7
23.Rxd7 Bc6 24.Re7 Rab8 25.Bxb6  1-0

[Event "2nd Open Fincas Mediterranea"]
[Site "Castelldefels ESP"]
[Date "2005.08.19"]
[Round "3"]
[White "Colom Andres,X"]
[Black "Panelo,M"]
[Result "0-1"]
[WhiteElo "2090"]
[BlackElo "2404"]

1.d4 Nf6 2.c4 e6 3.Nc3 Bb4 4.f3 d5 5.a3 Bxc3+ 6.bxc3 c5 7.cxd5 exd5 8.e3 Qc7
9.Bd3 cxd4 10.Bb5+ Nbd7 11.Qxd4 O-O 12.Ne2 Ne5 13.Rb1 Bf5  0-1

[Event "2nd Open Fincas Mediterranea"]
[Site "Castelldefels ESP"]
[Date "2005.08.22"]
[Round "6"]
[White "Panelo,M"]
[Black "Kluss,K"]
[Result "1-0"]
[WhiteElo "2404"]
[BlackElo "2192"]

1.d4 Nf6 2.c4 e6 3.Nc3 Bb4 4.f3 O-O 5.a3 Be7 6.e4 d5 7.e5 Nfd7 8.cxd5 exd5
9.Nxd5 c5 10.f4 cxd4 11.Nxe7+ Qxe7 12.Qxd4 Nc5 13.Bc4 Rd8 14.Qf2 Be6 15.Be3 Nbd7
16.Be2 Nb3 17.Rd1 Ndc5 18.Rxd8+ Rxd8 19.Bxc5 Nxc5 20.Nf3 b6 21.O-O Nb3 22.Qe3 g6
23.Bd1 Na5 24.Be2 Nb3 25.h3 Rc8 26.Ng5 Rc2 27.Nxe6 Qxe6 28.f5 Qd5 29.e6 fxe6
30.fxe6 Qd4 31.Rf8+ Kg7 32.Qxd4+ Nxd4 33.e7  1-0

[Event "8th Open"]
[Site "Banyoles ESP"]
[Date "2005.08.23"]
[Round "7"]
[White "Alonso Rosell,A"]
[Black "Matnadze,A"]
[Result "1/2-1/2"]
[WhiteElo "2156"]
[BlackElo "2389"]

1.d4 Nf6 2.c4 e6 3.Nc3 Bb4 4.f3 c5 5.d5 Nh5 6.Nh3 Qh4+ 7.Nf2 Qxc4 8.e4 Bxc3+
9.bxc3 Qxc3+ 10.Bd2 Qd4 11.Qc1 exd5 12.Bc3 Qa4 13.Qg5 O-O 14.Qxh5 d4 15.Bd2 d6
16.Be2 Nc6 17.O-O Be6 18.Rfc1 Rad8 19.Nd3 Qa3 20.Nf4 Qb2 21.Rd1 Qb6 22.Nxe6 fxe6
23.Bc4 Rde8 24.Rab1 Qc7  1/2-1/2

[Event "BDO Challengers"]
[Site "Haarlem NED"]
[Date "2005.08.29"]
[Round "3"]
[White "Van Ketel,R"]
[Black "Gijswijt,B"]
[Result "1/2-1/2"]
[WhiteElo "2271"]
[BlackElo "2234"]

1.d4 Nf6 2.c4 e6 3.Nc3 Bb4 4.f3 Nc6 5.a3 Bxc3+ 6.bxc3 b6 7.e4 Ba6 8.e5 Ng8
9.Bd3 Na5 10.Qe2 Nb3 11.Rb1 Nxc1 12.Rxc1 Qg5 13.Rd1 f5 14.Qf2 Qe7 15.a4 Nh6
16.Ne2 g5 17.Qe3 Qg7 18.Ng3 O-O 19.Nh5 Qg6 20.Nf6+ Rxf6 21.exf6 Qxf6 22.O-O Bb7
23.a5 f4 24.Qe5 Qxe5 25.dxe5 bxa5 26.Rfe1 a4 27.Ra1 Bc6 28.Be4 Bxe4 29.Rxe4 Rb8
30.h4 gxh4 31.Rxf4 Nf5 32.Rg4+ Kf7 33.Rxa4 h5 34.Rg5 Rb1+ 35.Kh2 Ng3 36.Rxg3 hxg3+
37.Kxg3 Rb7 38.Kh4 Kg6 39.g4 hxg4 40.fxg4 c6 41.Rb4 Rc7 42.Rb8 a5 43.Ra8 Rb7
44.Rxa5 Rb1 45.Ra2 Rh1+ 46.Kg3 Rc1 47.Kh4 Rh1+ 48.Kg3 Kg5 49.Rd2 Rg1+ 50.Kf3 Rxg4
51.Rxd7 Rxc4 52.Rf7 Rxc3+ 53.Ke4 Rc4+ 54.Kd3 Rf4 55.Rc7 Kf5 56.Rxc6 Kxe5
57.Rc5+ Kf6 58.Ke2 e5 59.Rc3 Ra4 60.Rb3 Rh4 61.Ra3 Rh2+ 62.Ke1  1/2-1/2

[Event "58th ch-RUS Semi-Final"]
[Site "Kazan RUS"]
[Date "2005.09.04"]
[Round "2"]
[White "Volkov,S1"]
[Black "Bocharov,D"]
[Result "1-0"]
[WhiteElo "2622"]
[BlackElo "2574"]

1.d4 Nf6 2.c4 e6 3.Nc3 Bb4 4.f3 c5 5.d5 O-O 6.e4 d6 7.Ne2 b5 8.Nf4 e5 9.Ne2 bxc4
10.Ng3 Nbd7 11.Bxc4 Nb6 12.Be2 c4 13.O-O Bd7 14.Kh1 Re8 15.Bg5 h6 16.Be3 Rc8
17.Qc2 Bc5 18.Bd2 Bd4 19.a4 Rc5 20.a5 Nc8 21.Na4 Rc7 22.Rfc1 Bb5 23.Nc3 Bd7
24.Nd1 Bb5 25.Ne3 Ne7 26.Nxc4 Ng6 27.Nf5 Nh5 28.g3 Bxc4 29.Bxc4 Rxc4 30.Qxc4 Bxb2
31.Qb4 Bxa1 32.Rxa1 Kh7 33.Qxd6 Qc8 34.Rc1 Qb7 35.Qb4 Qd7 36.Be3 Rc8 37.Rc4 Rxc4
38.Qxc4 Qb7 39.a6 Qb1+ 40.Kg2 Qb2+ 41.Kg1 Qa3 42.d6  1-0

[Event "EYb14"]
[Site "Herceg Novi SCG"]
[Date "2005.09.16"]
[Round "3"]
[White "Kanakaris,G"]
[Black "Kourousis,E"]
[Result "0-1"]
[WhiteElo "2086"]
[BlackElo "1948"]

1.d4 Nf6 2.c4 e6 3.Nc3 Bb4 4.f3 c5 5.d5 Bxc3+ 6.bxc3 d6 7.e4 O-O 8.Bd3 Ne8
9.Ne2 e5 10.Ng3 Qh4 11.O-O g6 12.Qe1 Nd7 13.Be3 Ng7 14.Qd2 Qe7 15.Bh6 f6
16.a4 Re8 17.h4 Rf8 18.Kf2 Nb8 19.Qc2 Rf7 20.Bxg7 Kxg7 21.h5 g5 22.h6+ Kxh6
23.Rh1+ Kg7 24.Rh5 Kg8 25.Rah1 Kh8 26.Qb1 Qc7 27.R1h2 Nd7 28.Rh6 Nf8 29.Nh5 Qe7
30.Qb5 Rb8 31.a5 Bd7 32.Qb1 Kg8 33.Ke2 Ng6 34.Qh1 Rc8 35.Rxg6+ hxg6 36.Nf4 Rh7
37.Nxg6 Qg7 38.Rxh7 Qxh7 39.Qxh7+ Kxh7 40.Ne7 Re8 41.Nf5 Bxf5 42.exf5 Kg7
43.Kf2 Rh8 44.Kg1 Kf7 45.g4 Ke7 46.Bc2 Kd7 47.Kg2 Kc7 48.Ba4 a6 49.Kg1 b6
50.axb6+ Kxb6 51.Kg2 Ka5 52.Bc6 Rb8 53.Kf2 Rb3  0-1

[Event "USCL"]
[Site "ICC INT"]
[Date "2005.09.21"]
[Round "4"]
[White "Boor,C"]
[Black "Bonin,J"]
[Result "0-1"]
[WhiteElo "2245"]
[BlackElo "2335"]

1.d4 Nf6 2.c4 e6 3.Nc3 Bb4 4.f3 d5 5.a3 Bxc3+ 6.bxc3 O-O 7.Bg5 Nbd7 8.e3 c5
9.cxd5 Qa5 10.Qd2 Nxd5 11.Rc1 h6 12.Bh4 cxd4 13.cxd4 Qxa3 14.Bf2 b6 15.e4 Nb4
16.Bg3 e5 17.Bb5 a6 18.Bc4 b5 19.Rb1 bxc4 20.Qxb4 Qe3+ 21.Ne2 Rb8 22.Qxb8 Nxb8
23.Rxb8 c3 24.Rb3 Qd2+ 25.Kf2 exd4 26.Re1 Be6 27.Rbb1 c2 28.Rbc1 Qe3+ 29.Kf1 d3  0-1

[Event "EYb14"]
[Site "Herceg Novi SCG"]
[Date "2005.09.22"]
[Round "8"]
[White "Kanakaris,G"]
[Black "Golichenko,I"]
[Result "0-1"]
[WhiteElo "2086"]
[BlackElo "2283"]

1.d4 Nf6 2.c4 e6 3.Nc3 Bb4 4.f3 d5 5.a3 Bxc3+ 6.bxc3 c5 7.cxd5 Nxd5 8.Qd3 b6
9.e4 Ba6 10.Qd2 Bxf1 11.Kxf1 Ne7 12.Ne2 Nbc6 13.Kf2 O-O 14.Rd1 cxd4 15.cxd4 Na5
16.Qa2 Rc8 17.Bf4 Ng6 18.Bg3 h5 19.Kg1 h4 20.Bf2 Qg5 21.Kh1 Rc4 22.Rac1 Rfc8
23.Rxc4 Nxc4 24.h3 Qa5 25.Rc1 Nd6 26.Rxc8+ Nxc8 27.Qc2 Nd6 28.a4 Qb4 29.Nc1 b5
30.axb5 Qxb5 31.Qd3 Qb2 32.Be3 a5 33.Qd2 Qb5 34.Qd3 Qb2 35.Qd2 Qa1 36.Qa2 Qc3
37.Qd2 Qxd2 38.Bxd2 Nc4 39.Be1 a4 40.Bb4 Nf4 41.Kg1 Nb2 42.Kf1 Nbd3 43.Nxd3 Nxd3
44.Ba3 f6 45.Ke2 Nf4+ 46.Kf2 Kf7 47.Bd6 g5 48.Ba3 Ke8 49.Kf1 Kd7 50.Kf2 Kc6
51.Be7 Kb5 52.Bxf6 a3 53.d5 e5 54.Ke3 Ng6 55.d6 Kc6  0-1

[Event "Open A"]
[Site "Hamburg GER"]
[Date "2005.10.01"]
[Round "1"]
[White "Bente,B"]
[Black "Smolkina,M"]
[Result "1-0"]
[WhiteElo "2259"]
[BlackElo "1739"]

1.d4 Nf6 2.c4 e6 3.Nc3 Bb4 4.f3 d5 5.a3 Bxc3+ 6.bxc3 O-O 7.cxd5 exd5 8.e3 Be6
9.Bd3 Re8 10.Ne2 Nbd7 11.O-O Nb6 12.Ng3 Rc8 13.e4 c5 14.e5 Nfd7 15.f4 Nb8
16.f5 Bd7 17.Qh5 f6 18.e6 Bc6 19.Rf4 Re7 20.Rh4 g6 21.fxg6 Kh8 22.Nf5  1-0

[Event "IX Itau Cup"]
[Site "Sao Paulo BRA"]
[Date "2005.10.04"]
[Round "3"]
[White "Lima,Da"]
[Black "Mekhitarian,K"]
[Result "1/2-1/2"]
[WhiteElo "2529"]
[BlackElo "2280"]

1.d4 Nf6 2.c4 e6 3.Nc3 Bb4 4.f3 c5 5.d5 Nh5 6.g3 exd5 7.cxd5 O-O 8.Nh3 d6
9.Bg2 f5 10.O-O Nd7 11.e4 Bxc3 12.bxc3 fxe4 13.Ng5 Ne5 14.f4 Nf3+ 15.Bxf3 exf3
16.Qxf3 Qe8 17.c4 Qg6 18.g4 h6 19.Ne6 Bxe6 20.dxe6 Nf6 21.h3 h5 22.g5 Ne4
23.f5 Nxg5 24.Bxg5 Qxg5+ 25.Kh1 Rae8 26.Rae1 h4 27.Re4 Qg3 28.Qxg3 hxg3 29.Kg2 Rf6
30.Kxg3 g6 31.Rg4 Rexe6 32.fxe6 Rxf1 33.Rxg6+ Kf8 34.Rh6 Ke7 35.h4 a6 36.a4 b5
37.axb5 axb5 38.cxb5 c4 39.b6 c3 40.Rh7+ Kxe6 41.Rc7 Rb1 42.Rxc3 Rxb6 43.Kg4 Kf7
44.h5  1/2-1/2

[Event "Open A"]
[Site "Hamburg GER"]
[Date "2005.10.07"]
[Round "5"]
[White "Bente,B"]
[Black "Stark,T"]
[Result "1-0"]
[WhiteElo "2259"]
[BlackElo "2077"]

1.d4 Nf6 2.c4 e6 3.Nc3 Bb4 4.f3 d5 5.a3 Bxc3+ 6.bxc3 c5 7.cxd5 Nxd5 8.dxc5 Qa5
9.e4 Ne7 10.Be3 O-O 11.Qb3 Qc7 12.Bb5 Nec6 13.Rd1 Nd7 14.a4 b6 15.cxb6 axb6
16.Ne2 Na5 17.Qb4 Nc6 18.Qd6 Qxd6 19.Rxd6 Ncb8 20.Kf2 Nc5 21.Rxb6 Nbd7 22.Rd6 Nb7
23.Rxd7 Bxd7 24.Bxd7  1-0

[Event "5th ch-Asian"]
[Site "Hyderabad IND"]
[Date "2005.10.07"]
[Round "2"]
[White "Harika,D"]
[Black "Ramakrishna,J"]
[Result "1/2-1/2"]
[WhiteElo "2392"]
[BlackElo "2294"]

1.d4 Nf6 2.c4 e6 3.Nc3 Bb4 4.f3 c5 5.d5 b5 6.e4 bxc4 7.Bxc4 Nxd5 8.Bxd5 exd5
9.Qxd5 Nc6 10.Ne2 Qh4+ 11.g3 Qf6 12.Bg5 Qe5 13.Kf2 O-O 14.Rhd1 Ba6 15.Bf4 Qe6
16.Qxd7 Nd4 17.Qxe6 fxe6 18.Bd6 Rf6 19.Kg2 Rf7 20.Nxd4 cxd4 21.Bxb4 dxc3
22.Bxc3 Bb7 23.Rd4 e5 24.Rd2 Bxe4 25.Kg1 Bf5 26.Bxe5 Bh3 27.Rf2 Re7 28.Bc3 Rc8
29.Rd1 h6 30.Rfd2 Kh7 31.Rd8 Rxd8 32.Rxd8 Re2 33.Rd2 Rxd2 34.Bxd2 Kg6 35.Kf2 Kf5
36.Ke3 Ke6 37.Kd4 h5 38.Kc5 Kd7 39.Bf4 Kc8 40.b4 Kb7 41.a4 a6 42.Kd6 g6 43.Be3 Bf5
44.Ke5 Bc2 45.Kf6 Bb1 46.Kg5 Bc2 47.h3 Bb1  1/2-1/2

[Event "Open A"]
[Site "Hamburg GER"]
[Date "2005.10.08"]
[Round "8"]
[White "Wagner,Ral"]
[Black "Wurzel,A"]
[Result "1/2-1/2"]
[WhiteElo "2106"]
[BlackElo "2197"]

1.d4 Nf6 2.c4 e6 3.Nc3 Bb4 4.f3 d5 5.a3 Bxc3+ 6.bxc3 c6 7.e3 O-O 8.Bd3 b6
9.Ne2 Ba6 10.cxd5 cxd5 11.Bxa6 Nxa6 12.Qd3 Qc8 13.O-O Qb7 14.Ng3 Rac8 15.e4 Nb8
16.Bg5 Nfd7 17.e5 Qc6 18.Rac1 f6 19.exf6 Nxf6 20.Rfe1 Nbd7 21.Re3 Rfe8 22.Rce1 Qd6
23.a4 Qa3 24.Bxf6 Nxf6 25.Rxe6 Rxe6 26.Rxe6 Rxc3 27.Qd2 Qc1+ 28.Qxc1 Rxc1+
29.Kf2 Kf7 30.Re1 Rxe1 31.Kxe1  1/2-1/2

[Event "5th ch-Asian"]
[Site "Hyderabad IND"]
[Date "2005.10.09"]
[Round "4"]
[White "Sandipan,C"]
[Black "Rohit,G"]
[Result "1-0"]
[WhiteElo "2560"]
[BlackElo "2401"]

1.d4 Nf6 2.c4 e6 3.Nc3 Bb4 4.f3 d5 5.a3 Bxc3+ 6.bxc3 c6 7.e3 O-O 8.Bd3 b6
9.Ne2 Ba6 10.cxd5 Bxd3 11.Qxd3 cxd5 12.e4 Nbd7 13.e5 Ne8 14.f4 f6 15.h4 Rc8
16.a4 Rc4 17.h5 Qc7 18.Ba3 Rf7 19.f5 Qc6 20.fxe6 Qxe6 21.Nf4 Nxe5 22.Qe2 Qg4
23.Nxd5 Rxa4 24.Qxg4 Nxg4 25.Kd2 Rd7 26.Rhe1 Ne5 27.Ne3 Kf7 28.Kc2 Nc4 29.Nxc4 Rxc4
30.Re2 Nc7 31.Rae1 Nd5 32.Re8 Rxc3+ 33.Kb2 Rxa3 34.Kxa3 Nc7 35.R8e4 Nb5+
36.Kb2 Nd6 37.R4e2 Nb5 38.d5 a5 39.g4 h6 40.Re4 Nd6 41.Re6 b5 42.Kc3 Nc4
43.Kd4 Ne5 44.d6 Nc6+ 45.Kc5 Ne5 46.R6xe5 fxe5 47.Rxe5 a4 48.Kc6 Ra7 49.d7 Ra8
50.Kb7 Rg8 51.Rxb5 a3 52.Kc7 Ra8  1-0

[Event "TCh-CZE Extraliga 2005-6"]
[Site "Czech Rep CZE"]
[Date "2005.10.16"]
[Round "2"]
[White "Hausner,I"]
[Black "Markos,J"]
[Result "1/2-1/2"]
[WhiteElo "2441"]
[BlackElo "2495"]

1.d4 Nf6 2.c4 e6 3.Nc3 Bb4 4.f3 d5 5.a3 Bxc3+ 6.bxc3 c5 7.cxd5 Nxd5 8.dxc5 Qa5
9.e4 Ne7 10.Be3 Nd7 11.Qb3 O-O 12.Bb5 Qc7 13.Bxd7 Bxd7 14.Ne2 e5 15.c4 Nc6
16.Nc3 Be6 17.Nd5 Qa5+ 18.Kf2 Rab8 19.Rhd1 f5 20.exf5 Bxf5 21.Kg1 Rf7 22.Ra2 Qd8
23.Rad2 Qh4 24.Bf2 Qg5 25.Nb4 Rbf8 26.Nxc6 bxc6 27.Qe3 Qxe3 28.Bxe3 Rb7 29.Rd6 Rc8
30.Bf2 Rb3 31.g4 Bg6 32.Rd8+ Rxd8 33.Rxd8+ Kf7 34.Rd7+ Kg8 35.Bg3 Rxf3 36.Bxe5 Rf7
37.Rd8+  1/2-1/2

[Event "Chigorin Mem"]
[Site "St Petersburg RUS"]
[Date "2005.10.19"]
[Round "5"]
[White "Zacurdajev,M"]
[Black "Anisimov,P"]
[Result "1/2-1/2"]
[WhiteElo "2330"]
[BlackElo "2501"]

1.d4 Nf6 2.c4 e6 3.Nc3 Bb4 4.f3 c5 5.d5 b5 6.e4 O-O 7.Bg5 h6 8.Bh4 Re8 9.d6 bxc4
10.Bxc4 Nc6 11.f4 Nd4 12.Ne2 Qb6 13.Bxf6 gxf6 14.e5 Qc6 15.O-O f5 16.Ng3 Bb7
17.Rf2 Kh7  1/2-1/2

[Event "Chigorin Mem"]
[Site "St Petersburg RUS"]
[Date "2005.10.21"]
[Round "7"]
[White "Zacurdajev,M"]
[Black "Chehlov,A"]
[Result "1/2-1/2"]
[WhiteElo "2330"]
[BlackElo "2207"]

1.d4 Nf6 2.c4 e6 3.Nc3 Bb4 4.f3 d5 5.a3 Bxc3+ 6.bxc3 c5 7.cxd5 Nxd5 8.Qd2 Nc6
9.e3 O-O 10.Bd3 Nf6 11.Ne2 e5 12.Bb2 Re8 13.O-O Be6 14.e4 cxd4 15.cxd4 exd4
16.Bb5 Qb6 17.Bxc6 bxc6 18.Bxd4 c5 19.Bxf6 gxf6 20.Qc3 Rad8 21.Kh1 Rd6 22.Rab1 Qc7
23.Rbc1 Rc8 24.f4 Bd7 25.Ng3 Qc6 26.Nh5 Kh8 27.e5 Rg8 28.Rf3 fxe5 29.fxe5 Rd4
30.Nf6 Rg5 31.Rg3 Rg6 32.Qe3 Rxf6 33.exf6 Qxf6 34.h3 Be6 35.Rxc5 Rd8 36.Qc3 Qxc3
37.Rgxc3 Rd4 38.Ra5 Rd7 39.Kg1 Kg7 40.Kf2 Rd2+ 41.Kf1 Rd7 42.Ke2 Bd5 43.Kf2 Be6
44.Ke3 Kf6 45.Rc6 Rb7 46.Rac5 Rb3+ 47.Rc3 Rb2 48.g3 Kg7 49.h4 a5 50.Ra6 Rb5
51.a4 Rd5 52.Rac6 Bd7 53.R6c5 Rxc5 54.Rxc5 Bxa4 55.Rxa5 Bd7 56.Kf4 h6 57.Ra6 Bc8
58.Rb6 Bd7 59.g4 Ba4 60.h5 Bd1 61.Rd6 Bb3 62.Ke5 Ba2 63.Kf4 Bb3 64.g5 hxg5+
65.Kxg5 Ba2  1/2-1/2

[Event "Chigorin Mem"]
[Site "St Petersburg RUS"]
[Date "2005.10.23"]
[Round "9"]
[White "Serov,A"]
[Black "Lugovoi,A"]
[Result "0-1"]
[WhiteElo "2331"]
[BlackElo "2547"]

1.d4 Nf6 2.c4 e6 3.Nc3 Bb4 4.f3 d5 5.e3 Bxc3+ 6.bxc3 c5 7.cxd5 Nxd5 8.dxc5 f5
9.e4 fxe4 10.Qd4 O-O 11.Qxe4 Nxc3 12.Qc2 Nd5 13.Bd3 Qh4+ 14.g3 Qh5 15.Bb2 Nc6
16.h4 e5 17.g4 Qh6 18.Be4 Be6 19.Ne2 Kh8 20.Bc1 Qf6 21.Bg5 Qf7 22.O-O h6
23.Bg6 Qd7 24.Rad1 hxg5 25.Nc3 Nd4 26.Qh2 Rf4 27.hxg5+ Kg8 28.Ne2 Nxe2+ 29.Qxe2 Qc7
30.Rf2 Nc3 31.Bh7+ Kf8  0-1

[Event "II Open"]
[Site "Calvia ESP"]
[Date "2005.10.25"]
[Round "6"]
[White "Fischer Nielsen,J"]
[Black "Pogorelov,R"]
[Result "0-1"]
[WhiteElo "2218"]
[BlackElo "2439"]

1.d4 Nf6 2.c4 e6 3.Nc3 Bb4 4.f3 d5 5.a3 Bxc3+ 6.bxc3 c5 7.e3 Qc7 8.cxd5 exd5
9.Bd2 Bf5 10.Bb5+ Nc6 11.Ne2 a6 12.Ng3 Bg6 13.Be2 O-O 14.O-O Rfe8 15.c4 cxd4
16.cxd5 Nxd5 17.e4 Nc3 18.Bxc3 dxc3 19.Rc1 Na5 20.Qa4 Red8 21.Rc2 Qc5+ 22.Kh1 Rd4  0-1

[Event "SCG First League w"]
[Site "Vrnjacka Banja SCG"]
[Date "2005.10.26"]
[Round "10"]
[White "Vasilevich,T"]
[Black "Maksimovic,S"]
[Result "1-0"]
[WhiteElo "2400"]
[BlackElo "2267"]

1.d4 Nf6 2.c4 e6 3.Nc3 Bb4 4.f3 O-O 5.a3 Bxc3+ 6.bxc3 d6 7.e4 e5 8.Bd3 c5
9.d5 Nh5 10.Ne2 f5 11.exf5 Bxf5 12.Bxf5 Rxf5 13.O-O Rf7 14.f4 Nd7 15.Rb1 Qc7
16.f5 Nhf6 17.h3 a6 18.g4 h6 19.Ng3 b5 20.h4 Qa5 21.Bd2 bxc4 22.Qf3 Re8 23.g5 e4
24.Qg2 e3 25.Be1 Ng4 26.Ne4 e2 27.Qxe2 Ree7 28.f6 Ndxf6 29.gxf6 Nxf6 30.Nxf6+ gxf6
31.Qf3 Qd8 32.Kh1 Qd7 33.Bd2 Re4 34.Rg1+ Kh7 35.Qg3  1-0